| 000 | 00715cam a22002411 4500 | ||
|---|---|---|---|
| 001 | sa 67002952 | ||
| 003 | DLC | ||
| 005 | 20260227112334.0 | ||
| 008 | 751110s1966 ii 000 0 eng | ||
| 010 | _asa 67002952 | ||
| 035 | _a(OCoLC)1822575 | ||
| 040 |
_aDLC _cFJ _dOCoLC _dDLC |
||
| 050 | 0 | 0 |
_aHD5598.A3 _bK4 |
| 082 | _a331.1/9/95 | ||
| 100 | 1 |
_aKennedy, Van Dusen, _d1914- |
|
| 245 | 1 | 0 |
_aUnions, employers and government; _bessays on Indian labour questions. |
| 260 |
_aBombay, _bManaktalas _c[1966] |
||
| 300 |
_axi, 227 p. _c23 cm. |
||
| 504 | _aBibliography: p. 219-223. | ||
| 650 | 0 |
_aCollective bargaining _zIndia. |
|
| 650 | 0 |
_aLabor unions _zIndia. |
|
| 650 | 0 |
_aLabor laws and legislation _zIndia. |
|
| 999 |
_c73551 _d73551 |
||